| 000 -LEADER |
| fixed length control field |
00706nam a22001337a 4500 |
| 040 ## - CATALOGING SOURCE |
| Transcribing agency |
RUA |
| 082 ## - DEWEY DECIMAL CLASSIFICATION NUMBER |
| Classification number |
AGR TE 2008 B035 Or.1 |
| 100 ## - MAIN ENTRY--AUTHOR NAME |
| Personal name |
TE KIM SOK HENG |
| 245 ## - TITLE STATEMENT |
| Title |
Arthropod pests and natural enemies on cashew tree in santuk district, kampong thom province,(ប្រភេទសត្វល្អិតចង្រៃ និង សត្វល្អិតមានប្រយោជន៍លើដំណាំស្វាយចន្ទី នៅស្រុកសន្ទុក ខេត្តកំពង់ធំ) |
| 260 ## - PUBLICATION, DISTRIBUTION, ETC. (IMPRINT) |
| Place of publication |
phnom penh |
| Name of publisher |
RUA |
| Year of publication |
2008 |
| 300 ## - PHYSICAL DESCRIPTION |
| Number of Pages |
xiii,77p. |
| Dimensions |
ill. |
| 856 ## - ELECTRONIC LOCATION AND ACCESS |
| Uniform Resource Identifier |
https://drive.google.com/file/d/1zoXrYVED--DiEgHyRBXr0Zj9ez2a_AFz/view?usp=sharing |
| 942 ## - ADDED ENTRY ELEMENTS (KOHA) |
| Koha item type |
AGR |
| 952 ## - LOCATION AND ITEM INFORMATION (KOHA) |
| Withdrawn status [LOCAL, KOHA] |
0 |
| 952 ## - LOCATION AND ITEM INFORMATION (KOHA) |
| Withdrawn status [LOCAL, KOHA] |
0 |